Selected poems of George Herbert and Henry Vaughan (Record no. 4429)

MARC details
000 -LEADER
fixed length control field 00555cam a2200205ua 4500
001 - CONTROL NUMBER
control field 5251
005 - DATE AND TIME OF LATEST TRANSACTION
control field 20260515113844.0
008 - FIXED-LENGTH DATA ELEMENTS--GENERAL INFORMATION
fixed length control field 120306n ii |||gr||||Z||||||eng
040 ## - CATALOGING SOURCE
Transcribing agency MAIN
082 ## - DEWEY DECIMAL CLASSIFICATION NUMBER
Classification number 821
100 ## - MAIN ENTRY--PERSONAL NAME
Personal name Herbert, George,.,
Relator term Author,
245 11 - TITLE STATEMENT
Title Selected poems of George Herbert and Henry Vaughan
Statement of responsibility, etc. by George Herbert
250 ## - EDITION STATEMENT
Edition statement 9th.
260 ## - PUBLICATION, DISTRIBUTION, ETC.
Place of publication, distribution, etc. New Delhi:
Name of publisher, distributor, etc. Rama brothers,
Date of publication, distribution, etc. 1995.
300 ## - PHYSICAL DESCRIPTION
Extent ix; 323p:
Dimensions 23cm.
653 ## - INDEX TERM--UNCONTROLLED
Uncontrolled term English poetry
700 ## - ADDED ENTRY--PERSONAL NAME
Personal name Vaughan, Henry,
Relator term Author.,
700 ## - ADDED ENTRY--PERSONAL NAME
Personal name Lall, Ramji,
Relator term Editor,
942 ## - ADDED ENTRY ELEMENTS (KOHA)
Koha item type Books
Holdings
Withdrawn status Lost status Damaged status Not for loan Home library Current library Shelving location Date acquired Total checkouts Full call number Barcode Date last seen Copy number Price effective from Koha item type
        Naharkatiya College Library Naharkatiya College Library General stacks 09/19/2020   821 | HER 5209 09/19/2020 1 09/19/2020 Books